[Event "London Chess Classic 2012"]
[Site "?"]
[Date "2012.12.02"]
[Round "2"]
[White "Anand, Viswanathan"]
[Black "McShane, Luke"]
[Result "1/2-1/2"]
[WhiteElo "2780"]
[BlackElo "2713"]
[PlyCount "215"]
[EventDate "2012.??.??"]

1. d4 d5 2. c4 c6 3. Nc3 Nf6 4. e3 a6 5. Qc2 g6 6. Bd3 Bg7 7. Nf3 O-O 8. O-O
Bg4 9. Ne5 Be6 10. c5 Nbd7 11. Nxd7 Bxd7 12. h3 Ne8 13. f4 f6 14. Qb3 Nc7 15.
e4 Kh8 16. exd5 cxd5 17. f5 gxf5 18. Bxf5 e6 19. Bd3 e5 20. Bf5 Bxf5 21. Rxf5
Qd7 22. Rf2 exd4 23. Na4 Qc6 24. Bf4 Rad8 25. Re1 Rfe8 26. Rxe8+ Rxe8 27. Nb6
Ne6 28. Qxd5 Qxc5 29. Qxc5 Nxc5 30. Rc2 Bf8 31. Kf1 Kg7 32. Rc4 Re4 33. Nd5 Kf7
34. Bd2 d3 35. Rb4 Re2 36. Bc3 Rc2 37. Rf4 Ke6 38. Ne3 Rc1+ 39. Kf2 Be7 40. Kf3
b5 41. Rd4 Bd6 42. Bb4 Be5 43. Rd5 Nb7 44. b3 Ra1 45. a3 a5 46. Bf8 Bd6 47.
Bxd6 Nxd6 48. Rxd3 Rxa3 49. Nc2 Ra2 50. Nd4+ Ke7 51. Nc6+ Ke6 52. Nd8+ Ke7 53.
Nc6+ Kd7 54. Nd4 Ke8 55. Nc6 Kd7 56. Nd4 Kc8 57. Rc3+ Kb7 58. Rc5 Rf2+ 59. Ke3
Rxg2 60. Rd5 Kc7 61. Rc5+ Kd7 62. Rh5 Ke8 63. Nxb5 Nxb5 64. Rxb5 Rg3+ 65. Kf4
Rxh3 66. Kg4 Rc3 67. Rxa5 Kf7 68. Rb5 Kg6 69. Rb8 Rc1 70. b4 Rc4+ 71. Kg3 Kf5
72. b5 Rc3+ 73. Kg2 Kf4 74. b6 Rc2+ 75. Kf1 Rb2 76. b7 f5 77. Kg1 Rb1+ 78. Kg2
Rb2+ 79. Kg1 Rb3 80. Kg2 Rg3+ 81. Kf1 Rg7 82. Kf2 Kg4 83. Kg2 h5 84. Kf2 h4 85.
Kg2 h3+ 86. Kh2 f4 87. Ra8 Rxb7 88. Rg8+ Kf3 89. Ra8 Re7 90. Ra1 Re5 91. Ra8
Kg4 92. Rg8+ Kf3 93. Ra8 Re1 94. Ra7 Rd1 95. Ra8 Ke3 96. Kxh3 f3 97. Ra3+ Kf2
98. Ra2+ Ke3 99. Ra3+ Ke2 100. Ra2+ Rd2 101. Ra1 Kf2 102. Kh2 Re2 103. Ra8 Ke3+
104. Kg3 Rg2+ 105. Kh3 Rd2 106. Kg3 Rg2+ 107. Kh3 Rd2 108. Kg3 1/2-1/2

[Event "FIDE Grand Prix, Tashkent 2012"]
[Site "?"]
[Date "2012.12.03"]
[Round "10"]
[White "Kamsky, Gata"]
[Black "Svidler, Peter"]
[Result "1/2-1/2"]
[WhiteElo "2762"]
[BlackElo "2747"]
[PlyCount "75"]
[EventDate "2012.??.??"]

1. g3 d5 2. Bg2 e5 3. d3 c6 4. Nf3 Bd6 5. O-O Nf6 6. c4 O-O 7. cxd5 cxd5 8. Nc3
h6 9. Nb5 Nc6 10. Nxd6 Qxd6 11. d4 e4 12. Ne5 Nxe5 13. Bf4 Nfg4 14. dxe5 Qe6
15. Qd4 g5 16. Bd2 Qxe5 17. Bc3 Qxd4 18. Bxd4 Re8 19. Rfc1 Ne5 20. Rc5 Nc6 21.
Rxd5 Be6 22. Rd6 Nxd4 23. Rxd4 f5 24. g4 fxg4 25. Bxe4 Rad8 26. Rxd8 Rxd8 27.
Bd3 Rc8 28. Kf1 Kg7 29. Ke1 Kf6 30. Kd2 h5 31. a3 Ke5 32. Rg1 Rc6 33. Rg3 Rb6
34. Re3+ Kf6 35. Kc3 Rc6+ 36. Kd2 Rb6 37. Kc3 Rc6+ 38. Kd2 1/2-1/2

[Event "FIDE Grand Prix, Tashkent 2012"]
[Site "?"]
[Date "2012.12.03"]
[Round "10"]
[White "Caruana, Fabiano"]
[Black "Kasimdzhanov, Rustam"]
[Result "1/2-1/2"]
[WhiteElo "2786"]
[BlackElo "2696"]
[PlyCount "114"]
[EventDate "2012.??.??"]

1. e4 e5 2. Nf3 Nc6 3. Bb5 a6 4. Ba4 Nf6 5. O-O Be7 6. Re1 b5 7. Bb3 O-O 8. d3
d6 9. a4 b4 10. Nbd2 Na5 11. Ba2 c5 12. c3 Rb8 13. Nc4 Nc6 14. h3 h6 15. Ne3
Be6 16. Bc4 Bxc4 17. Nxc4 Re8 18. Be3 Bf8 19. Nfd2 d5 20. exd5 Qxd5 21. Qf3
Qxf3 22. Nxf3 Nd5 23. Bd2 f6 24. a5 Kf7 25. g4 Red8 26. Kf1 Rb7 27. Red1 Re7
28. Rac1 Re6 29. Re1 Nde7 30. Re3 Ng6 31. Re4 Rxd3 32. Be3 Rd5 33. h4 h5 34.
gxh5 Nf4 35. Bxf4 exf4 36. Rxf4 Kg8 37. Kg2 Rxh5 38. Rd1 bxc3 39. bxc3 Ne7 40.
Rg4 Nd5 41. Ng5 fxg5 42. Rxd5 Rxh4 43. Rdxg5 Rxg4+ 44. Rxg4 Be7 45. Rg3 Bf6 46.
Rd3 Re4 47. Nb6 c4 48. Rd5 Bxc3 49. Rc5 Re2 50. Rc8+ Kh7 51. Nxc4 Bd4 52. Rf8
Rc2 53. Nb6 Bc5 54. Ra8 Rxf2+ 55. Kg3 Ra2 56. Rxa6 Bxb6 57. Rxb6 Rxa5 1/2-1/2

[Event "FIDE Grand Prix, Tashkent 2012"]
[Site "?"]
[Date "2012.12.03"]
[Round "10"]
[White "Mamedyarov, Shakhriyar"]
[Black "Karjakin, Sergey"]
[Result "1-0"]
[WhiteElo "2764"]
[BlackElo "2775"]
[PlyCount "105"]
[EventDate "2012.??.??"]

1. d4 Nf6 2. c4 e6 3. Nf3 b6 4. g3 Ba6 5. Qa4 Bb7 6. Bg2 c5 7. dxc5 bxc5 8. O-O
Be7 9. Nc3 O-O 10. Rd1 Qb6 11. Bf4 Rd8 12. Rd2 h6 13. Rad1 d6 14. Qb5 Ne8 15.
g4 Nd7 16. h4 a6 17. Qxb6 Nxb6 18. b3 Bf6 19. Nb1 d5 20. g5 hxg5 21. hxg5 Be7
22. Ne5 Nd6 23. g6 f6 24. Nf7 e5 25. Nxd6 Rxd6 26. Bg3 f5 27. Bxe5 Rxg6 28.
cxd5 c4 29. Bg3 Bb4 30. bxc4 Bxd2 31. Nxd2 Rc8 32. e3 a5 33. Rb1 Ba6 34. d6 Nd7
35. Kf1 Kf8 36. Bf3 Rf6 37. Kg2 g5 38. Bh2 Bxc4 39. Nxc4 Rxc4 40. Rb7 Ke8 41.
Be2 Rc8 42. Bb5 Rd8 43. Be5 Re6 44. f4 gxf4 45. Bxf4 Rg6+ 46. Kf3 Rg1 47. Be5
Rg6 48. Kf4 Rh6 49. a4 Re6 50. Rc7 Rh6 51. Kg5 Rh7 52. Bf6 Rb8 53. Bc6 1-0

[Event "FIDE Grand Prix, Tashkent 2012"]
[Site "?"]
[Date "2012.12.03"]
[Round "10"]
[White "Ponomariov, Ruslan"]
[Black "Dominguez Perez, Leinier"]
[Result "1-0"]
[WhiteElo "2741"]
[BlackElo "2726"]
[PlyCount "73"]
[EventDate "2012.??.??"]

1. e4 c5 2. Nc3 d6 3. Nge2 Nf6 4. g3 Nc6 5. Bg2 g6 6. d3 Bg7 7. h3 O-O 8. O-O
Rb8 9. f4 Nd7 10. a4 a6 11. f5 b5 12. axb5 axb5 13. g4 b4 14. Nd5 e6 15. Ne3
Nd4 16. Nf4 Nb6 17. Bd2 Nb5 18. Ra2 Re8 19. Qf3 d5 20. exd5 exf5 21. gxf5 Nd4
22. Qf2 Nxf5 23. Nxf5 Bxf5 24. c3 bxc3 25. bxc3 Nd7 26. Nh5 Be5 27. d4 cxd4 28.
cxd4 Bd6 29. Ra7 Nb6 30. Bh6 Bf8 31. Bf4 Rc8 32. Qg3 Be7 33. Rxe7 Qxe7 34. Bg5
Qe2 35. Nf6+ Kg7 36. Nxe8+ Rxe8 37. Rxf5 1-0

[Event "FIDE Grand Prix, Tashkent 2012"]
[Site "?"]
[Date "2012.12.04"]
[Round "11"]
[White "Dominguez Perez, Leinier"]
[Black "Kamsky, Gata"]
[Result "1-0"]
[WhiteElo "2726"]
[BlackElo "2762"]
[PlyCount "65"]
[EventDate "2012.??.??"]

1. e4 e5 2. Nf3 Nc6 3. Bb5 a6 4. Ba4 Nf6 5. O-O Be7 6. Re1 b5 7. Bb3 O-O 8. h3
Bb7 9. d3 d6 10. c3 Na5 11. Bc2 c5 12. Nbd2 Re8 13. Nf1 h6 14. Ng3 Bf8 15. d4
cxd4 16. cxd4 d5 17. Nxe5 dxe4 18. b3 Nc6 19. Bb2 Nb4 20. Bb1 Rc8 21. a3 Nc6
22. Nxe4 Nxe5 23. Nxf6+ Qxf6 24. dxe5 Qe6 25. b4 Rc4 26. Qd3 g6 27. Ba2 a5 28.
bxa5 Bc5 29. Qg3 h5 30. Bxc4 bxc4 31. Rad1 Rc8 32. Bc3 Bxa3 33. Rd6 1-0

[Event "FIDE Grand Prix, Tashkent 2012"]
[Site "?"]
[Date "2012.12.04"]
[Round "11"]
[White "Karjakin, Sergey"]
[Black "Ponomariov, Ruslan"]
[Result "1-0"]
[WhiteElo "2775"]
[BlackElo "2741"]
[PlyCount "155"]
[EventDate "2012.??.??"]

1. e4 c5 2. Nf3 Nc6 3. d4 cxd4 4. Nxd4 Nf6 5. Nc3 e5 6. Ndb5 d6 7. Bg5 a6 8.
Na3 b5 9. Nd5 Be7 10. Bxf6 Bxf6 11. c4 b4 12. Nc2 O-O 13. g3 Be6 14. Bg2 Bg5
15. O-O Qb8 16. b3 a5 17. f4 Bd8 18. Kh1 Ra7 19. Qh5 f6 20. Rad1 Ne7 21. Nce3
Bb6 22. Nxb6 Qxb6 23. Rd3 Qc5 24. Qd1 Rd8 25. f5 Bf7 26. g4 a4 27. g5 axb3 28.
axb3 Kf8 29. Qg4 Rda8 30. gxf6 gxf6 31. Qh4 Ng8 32. Ng4 Ke7 33. Qxh7 Ra1 34.
Ne3 Kf8 35. Qh4 R8a2 36. Qg3 Qc6 37. h3 Rxf1+ 38. Nxf1 Ra1 39. Kh2 Ra2 40. Qe1
Bh5 41. Ng3 Be8 42. Qxb4 Qc5 43. Qe1 Bc6 44. Nf1 Nh6 45. Qh4 Nf7 46. Qe1 Ke7
47. h4 Nh6 48. Rd2 Qa5 49. Kh3 Ra3 50. Qg3 Nf7 51. Rd3 Qa8 52. Ne3 Qh8 53. c5
Ra2 54. cxd6+ Nxd6 55. Nd5+ Bxd5 56. Rxd5 Qc8 57. b4 Rc2 58. Kh2 Qc4 59. Rc5
Qe2 60. Qg8 Nf7 61. Rxc2 Qxc2 62. Qb8 Qd2 63. Qa7+ Kf8 64. Qc5+ Kg7 65. b5 Nh6
66. Qe7+ Nf7 67. Qa3 Nd6 68. b6 Nxe4 69. Qf3 Nd6 70. b7 Qb4 71. Qh5 Nf7 72. Bd5
Nh8 73. Kh3 Qb1 74. Qg4+ Kh6 75. Qf3 Qb6 76. Qb3 Qf2 77. b8=Q Qxf5+ 78. Kh2 1-0

[Event "FIDE Grand Prix, Tashkent 2012"]
[Site "?"]
[Date "2012.12.04"]
[Round "11"]
[White "Kasimdzhanov, Rustam"]
[Black "Gelfand, Boris"]
[Result "1/2-1/2"]
[WhiteElo "2696"]
[BlackElo "2751"]
[PlyCount "82"]
[EventDate "2012.??.??"]

1. e4 c5 2. Nf3 Nc6 3. d4 cxd4 4. Nxd4 Nf6 5. Nc3 e5 6. Ndb5 d6 7. Bg5 a6 8.
Na3 b5 9. Nd5 Be7 10. Bxf6 Bxf6 11. c3 O-O 12. Nc2 Bg5 13. a4 bxa4 14. Rxa4 a5
15. Bc4 Rb8 16. b3 Kh8 17. O-O f5 18. exf5 Bxf5 19. Nce3 Bg6 20. Bd3 Bxd3 21.
Qxd3 Bxe3 22. fxe3 Rxf1+ 23. Qxf1 Rxb3 24. Rc4 Rb5 25. Nc7 Rb6 26. Nd5 Rb5 27.
e4 Rc5 28. Rxc5 dxc5 29. Qf7 h6 30. Qe6 Qa8 31. Qd7 a4 32. Nb6 Qb8 33. Qxc6 a3
34. Qxc5 Qa7 35. Na4 Qxa4 36. Qf8+ Kh7 37. Qf5+ Kg8 38. Qe6+ Kf8 39. Qf5+ Kg8
40. Qc8+ Kf7 41. Qf5+ Kg8 1/2-1/2

[Event "FIDE Grand Prix, Tashkent 2012"]
[Site "?"]
[Date "2012.12.04"]
[Round "11"]
[White "Leko, Peter"]
[Black "Caruana, Fabiano"]
[Result "1/2-1/2"]
[WhiteElo "2732"]
[BlackElo "2786"]
[PlyCount "119"]
[EventDate "2012.??.??"]

1. e4 d5 2. exd5 Qxd5 3. Nc3 Qd6 4. d4 Nf6 5. Nf3 g6 6. Nb5 Qb6 7. Na3 c6 8.
Nc4 Qd8 9. g3 Be6 10. Qe2 Bg7 11. Bg2 O-O 12. O-O Qc8 13. Ng5 Bd5 14. Bh3 Bxc4
15. Qxc4 Nbd7 16. Qe2 Qd8 17. c4 h6 18. Nf3 Re8 19. Rd1 e6 20. Bd2 a5 21. Bc3
Qc7 22. Rac1 a4 23. Bg2 Rad8 24. Rd3 Ng4 25. Re1 h5 26. h3 Nh6 27. Bd2 c5 28.
Bg5 Rc8 29. Bf4 Qa5 30. dxc5 Nxc5 31. Qd2 Qxd2 32. Rxd2 Red8 33. Red1 Rxd2 34.
Rxd2 Ne4 35. Rc2 Nc5 36. Rd2 Ne4 37. Rd7 Nc5 38. Rd1 f6 39. Be3 Nf5 40. Bxc5
Rxc5 41. Rd8+ Kh7 42. Bf1 Rc7 43. Ra8 e5 44. Rxa4 e4 45. Nd2 Nd6 46. Ra5 f5 47.
Rd5 Nc8 48. b4 Bc3 49. a3 Ne7 50. Rd6 Bb2 51. Nb1 Nc6 52. c5 Re7 53. Kg2 h4 54.
b5 Nd4 55. Nd2 hxg3 56. Kxg3 Bc3 57. Nb1 Bb2 58. Nd2 Bc3 59. Nb1 Bb2 60. Nd2
1/2-1/2

[Event "FIDE Grand Prix, Tashkent 2012"]
[Site "?"]
[Date "2012.12.04"]
[Round "11"]
[White "Svidler, Peter"]
[Black "Morozevich, Alexander"]
[Result "1/2-1/2"]
[WhiteElo "2747"]
[BlackElo "2748"]
[PlyCount "77"]
[EventDate "2012.??.??"]

1. e4 c5 2. Nf3 e6 3. d4 cxd4 4. Nxd4 Nc6 5. Nc3 Qc7 6. g3 a6 7. Bg2 d6 8. O-O
Bd7 9. a4 Nf6 10. Nxc6 Bxc6 11. a5 b5 12. axb6 Qxb6 13. Re1 Be7 14. Ra3 Qc7 15.
Nd5 exd5 16. exd5 Bd7 17. Rae3 Ng8 18. Qe2 Qd8 19. c4 Kf8 20. c5 Bb5 21. Qh5 g6
22. Qd1 Bg5 23. c6 Bf6 24. Bh3 Kg7 25. Bd2 h5 26. Qc2 Qc7 27. Bc3 h4 28. g4 g5
29. Qf5 Rh6 30. Qxg5+ Rg6 31. Qf4 Kf8 32. Bxf6 Nxf6 33. g5 Nxd5 34. Qxh4 Nxe3
35. Qh8+ Rg8 36. Qh6+ Rg7 37. Qh8+ Rg8 38. Qh6+ Rg7 39. Qh8+ 1/2-1/2

[Event "London Chess Classic 2012"]
[Site "?"]
[Date "2012.12.04"]
[Round "4"]
[White "Carlsen, Magnus"]
[Black "Jones, Gawain"]
[Result "1-0"]
[WhiteElo "2843"]
[BlackElo "2641"]
[PlyCount "75"]
[EventDate "2012.??.??"]

1. e4 c5 2. Nf3 d6 3. d4 cxd4 4. Qxd4 a6 5. h3 Nc6 6. Qe3 g6 7. c4 Bg7 8. Be2
Nf6 9. Nc3 O-O 10. O-O Nd7 11. Rb1 a5 12. b3 Nc5 13. Bb2 f5 14. exf5 Bxf5 15.
Rbd1 a4 16. Ba3 Qa5 17. Nb5 axb3 18. axb3 Qxa3 19. Nxa3 Rxa3 20. Nd2 Bd4 21.
Qg3 Be5 22. f4 Bf6 23. Bg4 Nd4 24. Kh1 Bc2 25. Rde1 Kh8 26. Re3 h5 27. b4 h4
28. Qf2 Nd3 29. Qg1 Nf5 30. Bxf5 gxf5 31. Nf3 Rc3 32. c5 Bb3 33. Ne1 Bd4 34.
Nxd3 dxc5 35. Qf2 Rf7 36. Rc1 cxb4 37. Rxc3 bxc3 38. Qe1 1-0

[Event "London Chess Classic 2012"]
[Site "?"]
[Date "2012.12.04"]
[Round "4"]
[White "Anand, Viswanathan"]
[Black "Kramnik, Vladimir"]
[Result "1/2-1/2"]
[WhiteElo "2780"]
[BlackElo "2795"]
[PlyCount "80"]
[EventDate "2012.??.??"]

1. e4 e5 2. Nf3 Nc6 3. Bb5 Nf6 4. d3 Bc5 5. Bxc6 dxc6 6. Nbd2 O-O 7. Nc4 Nd7 8.
O-O Re8 9. Bd2 Bf8 10. b4 f6 11. a4 Nb6 12. Ne3 Be6 13. Qb1 Qd7 14. Rd1 Bf7 15.
h3 Rad8 16. Be1 Bh5 17. g4 Bf7 18. c4 c5 19. b5 Nc8 20. Qc2 Re6 21. Kf1 Ne7 22.
Nh4 Rd6 23. Ke2 Re6 24. f3 b6 25. Bf2 g6 26. Nhg2 Rd6 27. Bg3 Bg7 28. Bh4 a6
29. Bf2 a5 30. Bh4 Qe8 31. Nd5 Bxd5 32. cxd5 Bh6 33. Bf2 R6d7 34. h4 Nc8 35.
Rh1 Nd6 36. h5 g5 37. Ne3 Bf8 38. Nc4 Nxc4 39. dxc4 h6 40. Be3 Bd6 1/2-1/2

[Event "London Chess Classic 2012"]
[Site "?"]
[Date "2012.12.04"]
[Round "4"]
[White "McShane, Luke"]
[Black "Aronian, Levon"]
[Result "0-1"]
[WhiteElo "2713"]
[BlackElo "2821"]
[PlyCount "152"]
[EventDate "2012.??.??"]

1. e4 e5 2. Nf3 Nc6 3. Bb5 a6 4. Ba4 Nf6 5. O-O Be7 6. d3 b5 7. Bb3 d6 8. a4
Bd7 9. c3 O-O 10. Nbd2 Na5 11. Bc2 c5 12. Re1 Re8 13. Nf1 Nc6 14. Ne3 b4 15. h3
Rb8 16. Nc4 Be6 17. Bb3 h6 18. Be3 bxc3 19. bxc3 d5 20. exd5 Nxd5 21. Qc2 e4
22. dxe4 Nxe3 23. Rxe3 Rxb3 24. Qxb3 Na5 25. Nxa5 Bxb3 26. Nxb3 Qb6 27. Nbd2
Qb2 28. Rae1 Rd8 29. Nf1 c4 30. Ne5 Bc5 31. Rf3 Qb3 32. a5 Rd6 33. Nxf7 Rf6 34.
Rxf6 gxf6 35. Nxh6+ Kf8 36. Ng4 Qxc3 37. Rd1 Qb4 38. Nxf6 Kf7 39. Nd5 Qb2 40.
Nde3 c3 41. Rd5 Be7 42. Rf5+ Ke8 43. g4 c2 44. Nxc2 Qxc2 45. Ng3 Qc7 46. Nh5
Bd8 47. Kg2 Qc6 48. Re5+ Kf7 49. g5 Qa4 50. h4 Bxa5 51. Rf5+ Ke6 52. Nf4+ Kd7
53. f3 Qc2+ 54. Kh3 Qf2 55. Kg4 Be1 56. Ng6 a5 57. Rf7+ Kd8 58. e5 a4 59. e6
Bb4 60. e7+ Bxe7 61. Nxe7 Qc5 62. Kh5 a3 63. Kh6 a2 64. g6 Qc4 65. Nf5 a1=Q 66.
Rf8+ Kc7 67. g7 Qc6+ 68. Kh7 Qxf3 69. g8=N Qh5+ 70. Ngh6 Qe5 71. Ng7 Qxh4 72.
Rf7+ Kb6 73. Ngf5 Qee4 74. Kg6 Qe6+ 75. Kg7 Qg5+ 76. Kf8 Qc8# 0-1

[Event "London Chess Classic 2012"]
[Site "?"]
[Date "2012.12.06"]
[Round "5"]
[White "Adams, Michael"]
[Black "Carlsen, Magnus"]
[Result "0-1"]
[WhiteElo "2720"]
[BlackElo "2843"]
[PlyCount "126"]
[EventDate "2012.??.??"]

1. e4 e5 2. Nf3 Nc6 3. Bb5 a6 4. Ba4 Nf6 5. O-O Be7 6. d3 b5 7. Bb3 d6 8. a4
Bd7 9. h3 O-O 10. Be3 Be6 11. Bxe6 fxe6 12. Nbd2 b4 13. c3 d5 14. cxb4 Bd6 15.
b5 axb5 16. axb5 Rxa1 17. Qxa1 Nb4 18. d4 exd4 19. Nxd4 Qe8 20. Qa4 Nxe4 21.
Nxe4 dxe4 22. Nc6 Nd5 23. Qxe4 Nxe3 24. Qxe3 Rf5 25. Nd4 Re5 26. Qb3 Rd5 27.
Qc4 Qf7 28. b3 Qd7 29. Nf3 Rxb5 30. Ra1 Rd5 31. g3 h6 32. Qe4 Qe8 33. Kg2 Kf7
34. Ra2 Qd8 35. Re2 Qf6 36. h4 Qf5 37. Qc4 Rd3 38. Re3 Rxe3 39. fxe3 Qb1 40. e4
Qb2+ 41. Kh3 Qf2 42. e5 Qxf3 43. exd6 Qh1+ 44. Kg4 Qd1+ 45. Kh3 Qxd6 46. h5 c5
47. g4 Qd4 48. Qf1+ Ke7 49. Qf3 Qd5 50. Qc3 e5 51. Kg3 Kd6 52. Qc4 Qxc4 53.
bxc4 e4 54. Kf4 e3 55. Kf3 Ke6 56. Ke2 Kf6 57. Kf3 Kg5 58. Kxe3 Kxg4 59. Ke4
Kxh5 60. Kd5 g5 61. Kxc5 g4 62. Kd4 g3 63. Ke3 Kg4 0-1

[Event "London Chess Classic 2012"]
[Site "?"]
[Date "2012.12.06"]
[Round "5"]
[White "Jones, Gawain"]
[Black "Anand, Viswanathan"]
[Result "0-1"]
[WhiteElo "2641"]
[BlackElo "2780"]
[PlyCount "58"]
[EventDate "2012.??.??"]

1. d4 Nf6 2. c4 g6 3. f3 d5 4. cxd5 Nxd5 5. e4 Nb6 6. Nc3 Bg7 7. Be3 O-O 8. Qd2
e5 9. d5 c6 10. h4 cxd5 11. exd5 N8d7 12. h5 Nf6 13. hxg6 fxg6 14. Nh3 e4 15.
fxe4 Ng4 16. Bf4 Ne5 17. Bg5 Qd6 18. Nb5 Qc5 19. Na3 Bxh3 20. Be3 Qc8 21. Rc1
Qg4 22. Rxh3 Qxh3 23. gxh3 Nf3+ 24. Ke2 Nxd2 25. Bxd2 Bxb2 26. Nb5 Bxc1 27.
Bxc1 Nxd5 28. exd5 Rae8+ 29. Be3 Rxf1 0-1

[Event "London Chess Classic 2012"]
[Site "?"]
[Date "2012.12.07"]
[Round "6"]
[White "Aronian, Levon"]
[Black "Kramnik, Vladimir"]
[Result "1/2-1/2"]
[WhiteElo "2821"]
[BlackElo "2795"]
[PlyCount "133"]
[EventDate "2012.??.??"]

1. e4 e5 2. Nf3 Nc6 3. Bb5 Nf6 4. O-O Nxe4 5. d4 Nd6 6. Bxc6 dxc6 7. dxe5 Nf5
8. Qxd8+ Kxd8 9. Nc3 Ke8 10. h3 h5 11. Bg5 Be6 12. b3 Be7 13. Rad1 h4 14. Ne4
b6 15. c4 a5 16. Rd2 Rd8 17. Rfd1 Rxd2 18. Bxd2 c5 19. Bf4 a4 20. Nc3 axb3 21.
axb3 Bd8 22. Kf1 Rg8 23. Ne4 Bc8 24. Ra1 Bb7 25. Neg5 f6 26. exf6 gxf6 27. Ne4
Kd7 28. Rd1+ Kc8 29. Re1 Rg7 30. Nfd2 Nd4 31. f3 Bc6 32. Nf2 Bd7 33. Ng4 Bf5
34. Kf2 Kd7 35. Ne3 Bh7 36. Nd5 Bc2 37. Ne3 Bd3 38. Nd5 Nxb3 39. Nxb3 Bxc4 40.
Nxc5+ bxc5 41. Rd1 Kc8 42. Nc3 Rd7 43. Rc1 Bd3 44. Na4 c4 45. Nb2 Rd5 46. Nxc4
Rc5 47. Nb2 Rxc1 48. Bxc1 Bb5 49. g3 hxg3+ 50. Kxg3 Kd7 51. Nd1 Ke6 52. Nc3 Be8
53. Be3 Be7 54. h4 c5 55. Kf2 c4 56. Ke2 Bg6 57. Bd4 f5 58. f4 Bxh4 59. Ke3 Bf7
60. Bg7 Kd6 61. Bf8+ Kc6 62. Ne2 Be1 63. Nd4+ Kd5 64. Nxf5 c3 65. Kd3 Bg6 66.
Ke2 Bxf5 67. Kxe1 1/2-1/2

[Event "London Chess Classic 2012"]
[Site "?"]
[Date "2012.12.07"]
[Round "6"]
[White "Carlsen, Magnus"]
[Black "Polgar, Judit"]
[Result "1-0"]
[WhiteElo "2843"]
[BlackElo "2705"]
[PlyCount "105"]
[EventDate "2012.??.??"]

1. c4 c5 2. Nf3 Nc6 3. d4 cxd4 4. Nxd4 Nf6 5. Nc3 e6 6. a3 Bc5 7. Nb3 Be7 8. e4
O-O 9. Be2 b6 10. O-O Bb7 11. Bf4 d6 12. Rc1 Rc8 13. Re1 Ne5 14. Nd2 Nfd7 15.
Be3 Qc7 16. b4 Qb8 17. f4 Ng6 18. g3 Rfe8 19. Bf3 Qa8 20. Bf2 Ngf8 21. Qe2 Qb8
22. Red1 g6 23. e5 Bc6 24. Bd4 Red8 25. Bxc6 Rxc6 26. Nf3 dxe5 27. fxe5 Rdc8
28. Ne4 Qc7 29. Nfd2 a6 30. Nf2 Bg5 31. Rf1 Bxd2 32. Qxd2 Nxe5 33. Bxe5 Qxe5
34. Ng4 Rd6 35. Nh6+ Kg7 36. Rxf7+ Kh8 37. Qf2 Qd4 38. c5 bxc5 39. Qxd4+ Rxd4
40. Rxc5 Rcd8 41. Rcc7 Rd1+ 42. Kg2 R1d2+ 43. Kh3 R2d5 44. Ng4 Rh5+ 45. Kg2
Rd2+ 46. Kf3 Rf5+ 47. Ke3 Rxf7 48. Rxf7 Rd8 49. Nf6 Rb8 50. Kf4 h6 51. Ke5 a5
52. bxa5 Ra8 53. a6 1-0

[Event "London Chess Classic 2012"]
[Site "?"]
[Date "2012.12.07"]
[Round "6"]
[White "McShane, Luke"]
[Black "Jones, Gawain"]
[Result "1-0"]
[WhiteElo "2713"]
[BlackElo "2641"]
[PlyCount "117"]
[EventDate "2012.??.??"]

1. c4 c5 2. g3 Nc6 3. Bg2 g6 4. Nf3 Bg7 5. Nc3 e5 6. O-O Nge7 7. a3 O-O 8. d3
d6 9. Rb1 a5 10. Ne1 Be6 11. Nc2 d5 12. cxd5 Nxd5 13. Ne3 Nde7 14. Nc4 Rb8 15.
Bg5 f6 16. Be3 b6 17. f4 f5 18. fxe5 Nxe5 19. Bf4 Nxc4 20. dxc4 Bxc4 21. Bxb8
Qxb8 22. Qa4 Be6 23. Rbd1 Qe5 24. Kh1 c4 25. e4 Qc5 26. Rde1 Bd4 27. Qd1 Rd8
28. exf5 Bxf5 29. Qe2 Nc8 30. g4 Bd3 31. Qe6+ Kh8 32. Rf7 Nd6 33. Rd7 Rxd7 34.
Qxd7 Bf6 35. Nd1 Qd4 36. g5 Bf5 37. Re8+ Nxe8 38. Qxe8+ Kg7 39. gxf6+ Qxf6 40.
Qe3 Bd7 41. Kg1 b5 42. Qa7 Qd6 43. Nf2 Qd2 44. Bh3 Qg5+ 45. Bg4 h5 46. Qxd7+
Kh6 47. Qd4 Kh7 48. h4 Qxh4 49. Qa7+ Kh6 50. Qe3+ Kh7 51. Bd7 b4 52. axb4 axb4
53. Bb5 c3 54. bxc3 bxc3 55. Bd3 Qd8 56. Qc5 Qh4 57. Qxc3 Qg3+ 58. Kf1 h4 59.
Qc8 1-0

[Event "London Chess Classic 2012"]
[Site "?"]
[Date "2012.12.08"]
[Round "7"]
[White "Adams, Michael"]
[Black "McShane, Luke"]
[Result "1/2-1/2"]
[WhiteElo "2720"]
[BlackElo "2713"]
[PlyCount "167"]
[EventDate "2012.??.??"]

1. e4 e5 2. Nf3 Nc6 3. Bb5 Nf6 4. d3 Bc5 5. Bxc6 dxc6 6. Nbd2 O-O 7. O-O Re8 8.
Nc4 Nd7 9. a4 Bd6 10. Be3 Nf8 11. d4 exd4 12. Qxd4 Bg4 13. Nxd6 cxd6 14. Nd2
Ne6 15. Qb4 Be2 16. Rfe1 Ba6 17. Rad1 Qf6 18. Nf1 c5 19. Qb3 Rad8 20. c4 Nf8
21. Qc2 Qe6 22. Nd2 b6 23. f3 Bc8 24. Nf1 Ng6 25. b3 Ne7 26. Bg5 f6 27. Bh4 Ng6
28. Bg3 Ne5 29. Ne3 Qe7 30. Rd2 Be6 31. Qd1 Qc7 32. h3 Qc6 33. Bxe5 fxe5 34.
Rd3 Rd7 35. Re2 Red8 36. Red2 h6 37. Qe1 Rf8 38. Kh2 Qc7 39. Kh1 Qc6 40. Qd1
Rfd8 41. Qe2 Rf7 42. Rd1 Rfd7 43. Nd5 Bxd5 44. Rxd5 Re8 45. Qd2 Re6 46. a5 Qc7
47. b4 cxb4 48. Qxb4 Rd8 49. axb6 axb6 50. Rb5 Rb8 51. Qb3 Qc6 52. Qd3 Kh7 53.
Qd5 Qc8 54. Rdb1 Rf6 55. Rxb6 Rxb6 56. Rxb6 Rxf3 57. Rxd6 Rc3 58. Qf7 Rg3 59.
Kh2 Rg5 60. Rd2 Qc6 61. Rd8 Qb6 62. Qg8+ Kg6 63. Qe8+ Kh7 64. Qg8+ Kg6 65. Rf8
Qb3 66. Qf7+ Kh7 67. Qg8+ Kg6 68. Qf7+ Kh7 69. Qf1 Qg3+ 70. Kh1 Qe3 71. Qf3
Qc1+ 72. Qf1 Qe3 73. Qf3 Qc1+ 74. Kh2 Qxc4 75. Re8 Qc2 76. Re6 Qc8 77. Re7 Qd8
78. Rf7 Rg6 79. Rf8 Qg5 80. Rf5 Qe7 81. Rf7 Qg5 82. Rf5 Qe7 83. Rf7 Qg5 84. Rf5
1/2-1/2

[Event "London Chess Classic 2012"]
[Site "?"]
[Date "2012.12.08"]
[Round "7"]
[White "Jones, Gawain"]
[Black "Aronian, Levon"]
[Result "1/2-1/2"]
[WhiteElo "2641"]
[BlackElo "2821"]
[PlyCount "62"]
[EventDate "2012.??.??"]

1. d4 Nf6 2. c4 g6 3. f3 d5 4. cxd5 Nxd5 5. e4 Nb6 6. Nc3 Bg7 7. Be3 O-O 8. Qd2
Nc6 9. O-O-O Qd6 10. Nb5 Qd7 11. Bh6 Bxh6 12. Qxh6 a6 13. Nc3 Nxd4 14. f4 c5
15. Nf3 f6 16. h4 Qe8 17. h5 Bg4 18. Nxd4 cxd4 19. hxg6 Qxg6 20. Rxd4 Rac8 21.
f5 Qxh6+ 22. Rxh6 Rfd8 23. Rxd8+ Rxd8 24. Rh4 h5 25. Be2 Bxe2 26. Nxe2 Rc8+ 27.
Kb1 Nc4 28. Kc2 Ne3+ 29. Kd2 Nc4+ 30. Kc2 Ne3+ 31. Kd2 Nc4+ 1/2-1/2

[Event "London Chess Classic 2012"]
[Site "?"]
[Date "2012.12.09"]
[Round "8"]
[White "Kramnik, Vladimir"]
[Black "Jones, Gawain"]
[Result "1-0"]
[WhiteElo "2795"]
[BlackElo "2641"]
[PlyCount "97"]
[EventDate "2012.??.??"]

1. Nf3 c5 2. b3 d5 3. e3 Nf6 4. Bb2 e6 5. g3 Nc6 6. Bg2 Be7 7. O-O O-O 8. c4 b6
9. Nc3 Bb7 10. cxd5 exd5 11. d4 Ne4 12. dxc5 Nxc3 13. Bxc3 bxc5 14. Qe2 Re8 15.
Rfd1 Bf8 16. Qb5 Qb6 17. Qxb6 axb6 18. Rxd5 Nd4 19. Nxd4 Bxd5 20. Bxd5 cxd4 21.
Bxd4 Ra5 22. e4 Bc5 23. Bc3 Ra3 24. Bb2 Ra7 25. a4 Rc7 26. Ra2 h6 27. Kg2 Kh7
28. f4 f6 29. Kf3 Rd7 30. a5 bxa5 31. Rxa5 Rc8 32. Rb5 Rd6 33. Rb7 Rb6 34. Rf7
Rf8 35. Rc7 Bd6 36. Rd7 Ra6 37. Bd4 Bb8 38. Bc5 Re8 39. Kg4 Ra2 40. h4 Rc8 41.
b4 Ra3 42. h5 Rc3 43. Bd4 R3c7 44. Rxc7 Bxc7 45. Kf5 Bd6 46. b5 Rc1 47. b6 Bb8
48. Ke6 Rh1 49. Bc5 1-0

[Event "London Chess Classic 2012"]
[Site "?"]
[Date "2012.12.10"]
[Round "9"]
[White "Adams, Michael"]
[Black "Kramnik, Vladimir"]
[Result "1/2-1/2"]
[WhiteElo "2720"]
[BlackElo "2795"]
[PlyCount "76"]
[EventDate "2012.??.??"]

1. e4 e5 2. Nf3 Nc6 3. Bb5 Nf6 4. O-O Nxe4 5. Re1 Nd6 6. Nxe5 Be7 7. Bf1 Nxe5
8. Rxe5 O-O 9. Nc3 Bf6 10. Re1 Re8 11. Nd5 Rxe1 12. Qxe1 b6 13. g3 Bb7 14. Bg2
c6 15. Ne3 Qe7 16. d3 Nf5 17. c3 d5 18. Bd2 Nxe3 19. Qxe3 Qxe3 20. Bxe3 Ba6 21.
d4 Re8 22. a4 h6 23. h4 Bc8 24. b4 Bf5 25. a5 b5 26. Re1 g5 27. hxg5 hxg5 28.
f3 Bd8 29. Kf2 Bc7 30. Bd2 Rxe1 31. Bxe1 f6 32. Bd2 Kg7 33. Bf1 a6 34. Be2 Kf7
35. Be3 Kg7 36. Bd2 Kf7 37. Be3 Kg7 38. Bd2 Kf7 1/2-1/2